| 000 | 00000nam##2200000za#4500 |
| 001 | 9.659509 |
| 003 | CaOODSP |
| 005 | 20200401083756 |
| 007 | ta |
| 008 | 150407|1997||||xxc||||| f|0| 0 eng|d |
| 020 | |a0-662-63101-3 |
| 040 | |aCaOODSP|beng |
| 041 | |aeng |
| 041 | |afre |
| 043 | |an-cn--- |
| 086 | 1 |aRC31-3/1997 |
| 110 | 1 |aCanada.|bIndian Claims Commission. |
| 245 | 10|aInformation guide |
| 260 | |aOttawa - Ontario : |bIndian Claims Commission |c1997. |
| 300 | |aEnglish text, 12p. : |bfig., illus. ; |c23 cm. |
| 546 | |aBilingual |
| 563 | |aSoftcover |
| 590 | |a97-42|b1997-10-17 |
| 776 | 0#|tCommission des revendications des Indiens, guide d'information |w(CaOODSP)9.642292 |
| 776 | 0#|tIndian Claims Commission information guide |w(CaOODSP)9.698280 |
| 792 | |tGuide d'information |efre|w(CaOODSP)9.659510 |